000 00794nam a22002057a 4500
003 OSt
005 20250815060250.0
008 250815b |||||||| |||| 00| 0 eng d
020 _a978-621-406-310-9
040 _aDWC-Main Lib
_cOC
082 _aFil. 613.7 P578 2022
100 _aAmbrocio, John Lawrence T.
245 _aPhysical activity towards health and fitness I ( PATH-FIT1) :
_bhealth & wellness, movement education and exercise program/
_cJohn Lawrence T. Ambrocio [and nine others]
260 _aManila, Philippines :
_bMindshapers Co. Inc.,
_cc2022.
300 _ax, 122 pages :
_billustrations ;
_c23cm.
504 _aIncludes bibliographical references.
650 _a1. Physical Fitness.
650 _a2. Physical Fitness-- Health aspects.
942 _2ddc
_cBK - FIL
_kFil.
_n0
999 _c3970
_d3970